Catalog

Record Details

Catalog Search



Pregnancy day by day : count down your pregnancy ... Read More

Amato, Paula,(editor.). Blott, Maggie,(editor.).

Available copies

  • 2 of 2 copies available at LARL/NWRL Consortium.
  • 1 of 1 copy available at Lake Agassiz Regional Library. (Show preferred library)

Current holds

0 current holds with 2 total copies.

Show All Copies
Location Call Number / Copy Notes Barcode Shelving Location Status Due Date
Crookston Public Library 618.2 PRE (Text) 33500012631693 Main Available -
Hallock Public Library 618.2 PRE (Text) 35500005999410 Main Available -

Record details

  • ISBN: 1465468374
  • ISBN: 9781465468376
  • Physical Description: 496 pages : color illustrations ; 27 cm
  • Edition: New edition.
  • Publisher: New York, New York : DK Publishing, 2018.

Content descriptions

General Note:
Includes index.
Summary, etc.:
An illustrated reference for expectant parents ... Read More
Subject: Pregnancy > Popular works.
Pregnancy > Pictorial works.
LDR 01696cam a2200385Ii 4500
001271887
003LARL_NWRL_CONSORTIUM
00520180119153902.0
008170626t20182018nyua 001 0 eng d
040 . ‡aYDX ‡beng ‡erda ‡cYDX ‡dBTCTA ‡dBDX ‡dVTL ‡dOCLCO ‡dTNH ‡dIK2 ‡dPCX ‡dOCLCF ‡dSINLB
020 . ‡a1465468374
020 . ‡a9781465468376
035 . ‡a(OCoLC)990848805
08204. ‡a618.2 ‡223
24500. ‡aPregnancy day by day : ‡bcount down your pregnancy day by day with advice from a team of experts and amazing images for every stage of your baby's development / ‡cconsulting editor, Paula Amato, MD, Associate Professor, Department of Obstetrics & Gynecology, Oregon Health & Science University ; editor-in-chief, Maggie Blott, MBBS.
250 . ‡aNew edition.
264 1. ‡aNew York, New York : ‡bDK Publishing, ‡c2018.
264 4. ‡c©2018
300 . ‡a496 pages : ‡bcolor illustrations ; ‡c27 cm
336 . ‡atext ‡btxt ‡2rdacontent
336 . ‡astill image ‡bsti ‡2rdacontent
337 . ‡aunmediated ‡bn ‡2rdamedia
338 . ‡avolume ‡bnc ‡2rdacarrier
500 . ‡aIncludes index.
520 . ‡aAn illustrated reference for expectant parents explains in intricate detail every stage of a pregnancy, in a comprehensive resource that also covers labor, birth, and life with a new baby.
650 0. ‡aPregnancy ‡vPopular works. ‡0(LARL_NWRL_CONSORTIUM)40132
650 0. ‡aPregnancy ‡vPictorial works. ‡0(LARL_NWRL_CONSORTIUM)174352
7001 . ‡aAmato, Paula, ‡eeditor.
7001 . ‡aBlott, Maggie, ‡eeditor.
901 . ‡a271887 ‡bOCoLC ‡c271887 ‡tbiblio ‡soclc

Additional Resources